|
|
|
|
| LEADER |
01399nam a2200301 a 4500 |
| 001 |
30126 |
| 003 |
BD-DhAAL |
| 005 |
20251106114138.0 |
| 008 |
151101s1993 nyua j b 001 0 eng |
| 010 |
|
|
|a 92043252
|
| 020 |
|
|
|a 0684193639
|
| 040 |
|
|
|a DLC
|c DLC
|d DLC
|d BD-DhAAL
|
| 050 |
0 |
0 |
|a TS519.5
|b .T4 1993
|
| 082 |
0 |
0 |
|a 683/.3
|2 20
|
| 100 |
1 |
|
|a Tchudi, Stephen,
|d 1942-
|9 15897
|
| 245 |
1 |
0 |
|a Lock & key :
|b the secrets of locking things up, in, and out /
|c Stephen Tchudi.
|
| 250 |
|
|
|a First edition.
|
| 260 |
|
|
|a New York :
|b Charles Scribner's Sons ;
|a Toronto :
|b Maxwell Macmillan Canada ;
|a New York :
|b Maxwell Macmillan International,
|c c1993.
|
| 300 |
|
|
|a 113 pages :
|b illustrations ;
|c 24 cm.
|
| 504 |
|
|
|a Includes bibliographical references (p. 107-108) and index.
|
| 520 |
|
|
|a Describes the development and uses of different kinds of locks, relates stories about important locks in history, and discusses the meanings that the words "lock" and "key" have taken on in our language.
|
| 541 |
|
|
|e 30126
|
| 650 |
|
0 |
|a Locks and keys
|x History
|x Juvenile literature.
|9 15898
|
| 650 |
|
1 |
|a Locks and keys
|x History.
|9 15899
|
| 740 |
0 |
|
|a Lock and key.
|
| 942 |
|
|
|2 ddc
|c BK
|
| 999 |
|
|
|c 35993
|d 35993
|
| 952 |
|
|
|0 0
|1 0
|2 ddc
|4 0
|6 683_300000000000000_TCH
|7 0
|9 56553
|a BRACUL
|b BRACUL
|c GEN
|d 2015-11-01
|e BIL
|l 0
|o 683.3 TCH
|p 3010030126
|r 2015-11-01
|t 1
|w 2015-11-01
|y BK
|x Transferred from BIL to BRACUL on 06/06/22
|